[Event "Bayernliga 1213 U20"]
[Site "Bayern"]
[Date "2012.10.20"]
[Round "1.5"]
[White "Mitin, Alexander"]
[Black "Mueller, Georg"]
[Result "0-1"]
[WhiteElo "898"]
[BlackElo "1864"]
[PlyCount "40"]
[EventDate "2012.10.20"]
[EventType "team-tourn"]
[EventRounds "7"]
[EventCountry "GER"]
[SourceTitle "EXT 2020"]
[Source "ChessBase"]
[SourceDate "2019.10.17"]
[SourceVersion "1"]
[SourceVersionDate "2019.10.17"]
[SourceQuality "1"]
[WhiteTeam "Buechenbach/Roth U20"]
[BlackTeam "Klosterlechfeld U20"]
[WhiteTeamCountry "GER"]
[BlackTeamCountry "GER"]

1. e4 e6 2. Nc3 d5 3. d3 Bb4 4. Bd2 c5 5. a3 Ba5 6. Qg4 g6 7. 0-0-0 d4 8. Nb5 Bxd2+ 9. Rxd2 a6 10. Na7 Rxa7 11. Qg3 Nc6 12. Nf3 b5 13. Qf4 Qc7 14. e5 Qa5 15. Be2 b4 16. Qe4 Bd7 17. h4 bxa3 18. h5 axb2+ 19. Kxb2 Rb7+ 20. Kc1 Qa1# 0-1